Phương pháp nghiên cứu khoa học ngành luật : Sách hướng dẫn học tập
Cung cấp một cách tương đối cơ bản, có hệ thống các kiến thức của học phần đang học, phương pháp và kỹ năng để nghiên cứu và phân tích luật các ngành luật.
Na minha lista:
| Autor principal: | |
|---|---|
| Formato: | Livro |
| Idioma: | Undetermined |
| Publicado em: |
Cần Thơ
Nxb. Đại học Cần Thơ
2015
|
| Assuntos: | |
| Tags: |
Adicionar Tag
Sem tags, seja o primeiro a adicionar uma tag!
|
| Thư viện lưu trữ: | Trung tâm Học liệu Trường Đại học Cần Thơ |
|---|
| LEADER | 00926nam a2200217Ia 4500 | ||
|---|---|---|---|
| 001 | CTU_229582 | ||
| 008 | 210402s9999 xx 000 0 und d | ||
| 082 | |a 340.072 | ||
| 082 | |b H305 | ||
| 100 | |a Phan, Trung Hiền | ||
| 245 | 0 | |a Phương pháp nghiên cứu khoa học ngành luật : | |
| 245 | 0 | |b Sách hướng dẫn học tập | |
| 245 | 0 | |c Phan Trung Hiền (Biên soạn) | |
| 260 | |a Cần Thơ | ||
| 260 | |b Nxb. Đại học Cần Thơ | ||
| 260 | |c 2015 | ||
| 520 | |a Cung cấp một cách tương đối cơ bản, có hệ thống các kiến thức của học phần đang học, phương pháp và kỹ năng để nghiên cứu và phân tích luật các ngành luật. | ||
| 650 | |a Luật,Law | ||
| 650 | |x Dạy và học,Study and teaching | ||
| 910 | |b nthai | ||
| 980 | |a Trung tâm Học liệu Trường Đại học Cần Thơ | ||